[Event "Int. Stuttgarter Stadtmeisterschaft C"]
[Site "Ditzingen"]
[Date "2014.05.30"]
[Round "4.3"]
[White "Hilger, Herbert"]
[Black "Sandmeyer, Alexander"]
[Result "1/2-1/2"]
[WhiteElo "1080"]
[BlackElo "1257"]
[PlyCount "36"]
[EventDate "2014.??.??"]
[WhiteTeam "SV Stuttgart-Wolfbusch 1956 e.V."]
[BlackTeam "Stuttgarter SF 1879"]

1. e4 c5 2. Nf3 Nc6 3. d4 cxd4 4. Nxd4 g6 5. Be3 Bg7 6. Nxc6 bxc6 7. c3 d6 8.
Bd3 Nf6 9. O-O O-O 10. h3 c5 11. Nd2 Rb8 12. Qc2 Nd7 13. Nf3 Ne5 14. Nxe5 Bxe5
15. Bd2 Qb6 16. Rab1 Be6 17. b3 Rfc8 18. c4 Qd8 1/2-1/2

[Event "Int. Stuttgarter Stadtmeisterschaft C"]
[Site "Ditzingen"]
[Date "2014.05.30"]
[Round "4.4"]
[White "Yi, Danny"]
[Black "Jelisavac, Nenad"]
[Result "1/2-1/2"]
[WhiteElo "1405"]
[BlackElo "1344"]
[PlyCount "56"]
[EventDate "2014.??.??"]
[WhiteTeam "SF 59 Kornwestheim"]
[BlackTeam "SV Reutlingen"]

1. e4 e6 2. d4 d5 3. e5 c5 4. Be3 Nc6 5. dxc5 d4 6. Bf4 Bxc5 7. Nd2 Qc7 8. Ngf3
a6 9. Bd3 Nge7 10. Be4 Ng6 11. Bxg6 hxg6 12. O-O f5 13. Re1 Bd7 14. Nc4 O-O-O
15. a3 Be8 16. Nd6+ Kb8 17. b4 Bxd6 18. exd6 Rxd6 19. Bxd6 Qxd6 20. h3 e5 21.
c3 Qf6 22. cxd4 exd4 23. Qd2 Bf7 24. Qf4+ Ka8 25. Rad1 Rd8 26. Rd2 Bb3 27. Rb1
Ba4 28. Re1 d3 1/2-1/2

[Event "Int. Stuttgarter Stadtmeisterschaft C"]
[Site "Ditzingen"]
[Date "2014.05.30"]
[Round "4.5"]
[White "Froehlich, Franziska"]
[Black "Winterkorn, Nikolaus"]
[Result "1/2-1/2"]
[WhiteElo "1237"]
[BlackElo "1438"]
[PlyCount "83"]
[EventDate "2014.??.??"]
[WhiteTeam "SK e4 Gerlingen"]
[BlackTeam "DJK Sportbund Stuttgart e.V."]

1. e4 e5 2. Nf3 d6 3. h3 Nf6 4. Nc3 a6 5. d4 exd4 6. Nxd4 Be7 7. Bf4 Nbd7 8.
Be2 Ne5 9. O-O h6 10. Bh2 Bd7 11. f4 Nc6 12. Qd2 Nxd4 13. Qxd4 c5 14. Qd2 Bc6
15. Bf3 O-O 16. Rad1 Qb6 17. b3 Rfd8 18. Qe3 Nh7 19. Rd2 Bf6 20. Ne2 Nf8 21. f5
Qc7 22. Rfd1 Be5 23. Bxe5 dxe5 24. Qxc5 Rxd2 25. Rxd2 Nd7 26. Qf2 Nf6 27. Ng3
Qe7 28. Qe3 Rd8 29. Rxd8+ Qxd8 30. Nh5 Nxh5 31. Bxh5 Qe7 32. Qc3 Bxe4 33. Bg4
Bc6 34. a4 e4 35. Qe3 Qe5 36. c4 Qb2 37. Kh2 Qe5+ 38. Kg1 Bd7 39. Qb6 Bc6 40.
Qe3 Bd7 41. Qb6 Bc6 42. Qe3 1/2-1/2

[Event "Int. Stuttgarter Stadtmeisterschaft C"]
[Site "Ditzingen"]
[Date "2014.05.30"]
[Round "4.6"]
[White "Malheur, Lothar"]
[Black "Stecher, Oliver"]
[Result "1-0"]
[WhiteElo "1341"]
[BlackElo "1155"]
[PlyCount "69"]
[EventDate "2014.??.??"]
[WhiteTeam "SF Birkenfeld"]
[BlackTeam "SSV Zuffenhausen"]

1. d4 d5 2. Nf3 Nf6 3. Bf4 Bf5 4. Nbd2 e6 5. c4 Bb4 6. c5 Ne4 7. a3 Bxd2+ 8.
Nxd2 Nxd2 9. Qxd2 Nc6 10. e3 O-O 11. b4 Ne7 12. h3 Ng6 13. Bh2 Re8 14. Be2 Qg5
15. g4 Be4 16. f3 Nh4 17. fxe4 Ng2+ 18. Kf2 Nh4 19. Bf4 Qf6 20. e5 Qg6 21. Rag1
Qe4 22. Qd3 Qxd3 23. Bxd3 f5 24. Bg5 Ng6 25. gxf5 exf5 26. Ke1 Rf8 27. Rf1 h6
28. Rxf5 hxg5 29. Rxf8+ Nxf8 30. Rg1 Ne6 31. Rf1 Rf8 32. Bf5 Nd8 33. Bh7+ Kxh7
34. Rxf8 Ne6 35. Re8 1-0

[Event "Int. Stuttgarter Stadtmeisterschaft C"]
[Site "Ditzingen"]
[Date "2014.05.30"]
[Round "4.7"]
[White "Thomas, Leonhard"]
[Black "Eulering, Mira"]
[Result "1/2-1/2"]
[WhiteElo "1340"]
[BlackElo "1137"]
[PlyCount "35"]
[EventDate "2014.??.??"]
[WhiteTeam "SV Fellbach"]
[BlackTeam "Schachverein Fideler Bauer Lever"]

1. e4 e6 2. Nc3 c6 3. d4 d5 4. e5 c5 5. Nf3 Nc6 6. Bb5 Bd7 7. Bxc6 Bxc6 8. O-O
Nh6 9. Ne2 Nf5 10. c3 Be7 11. Ng3 Nxg3 12. fxg3 O-O 13. Be3 Bb5 14. Rf2 Rc8 15.
h4 h6 16. Kh2 cxd4 17. Bxd4 Bc5 18. a3 1/2-1/2

[Event "Int. Stuttgarter Stadtmeisterschaft C"]
[Site "Ditzingen"]
[Date "2014.05.30"]
[Round "4.8"]
[White "Zacke, Tamara"]
[Black "Dendic, Amar"]
[Result "0-1"]
[WhiteElo "1143"]
[BlackElo "1281"]
[PlyCount "66"]
[EventDate "2014.??.??"]
[WhiteTeam "SV Stuttgart-Wolfbusch 1956 e.V."]
[BlackTeam "Stuttgarter SF 1879"]

1. e4 e5 2. Nf3 Nc6 3. Bc4 Bc5 4. Nc3 d6 5. d3 Nf6 6. O-O a6 7. Be3 Ba7 8. Ng5
O-O 9. Bxa7 Rxa7 10. f4 h6 11. Nxf7 Rxf7 12. Bxf7+ Kxf7 13. fxe5 Nxe5 14. Qh5+
Kg8 15. Qh4 c6 16. d4 Ng6 17. Qf2 Ra8 18. Rad1 Qe8 19. Rde1 Qe7 20. Qg3 Kh7 21.
e5 Nh5 22. Qf3 Nhf4 23. Ne2 Nxe2+ 24. Rxe2 dxe5 25. Qd3 Qd6 26. Rxe5 Be6 27. c4
Kh8 28. Qxg6 Qxd4+ 29. Rf2 Qxe5 30. Qd3 Re8 31. a4 Bg8 32. b3 Qe1+ 33. Rf1 Qe3+
0-1

[Event "Int. Stuttgarter Stadtmeisterschaft C"]
[Site "Ditzingen"]
[Date "2014.05.30"]
[Round "4.9"]
[White "Jüttner, Dennis"]
[Black "Barna, Janos"]
[Result "1-0"]
[WhiteElo "1098"]
[BlackElo "1252"]
[PlyCount "74"]
[EventDate "2014.??.??"]
[WhiteTeam "SpVgg Rommelshausen"]
[BlackTeam "SC Leinfelden"]

1. e4 e5 2. Nf3 Nc6 3. Bc4 Be7 4. O-O Bf6 5. Nc3 Nge7 6. Nd5 Na5 7. Nxf6+ gxf6
8. Be2 c5 9. Nh4 d6 10. Bb5+ Nac6 11. Qh5 Ng6 12. d3 Bd7 13. Bh6 Nce7 14. Bc4
Be6 15. Bxe6 fxe6 16. Bg7 Kd7 17. Bxh8 Qxh8 18. Nxg6 Nxg6 19. Rae1 Rg8 20. Re3
Kc6 21. Rg3 Nf4 22. Rxg8 Qxg8 23. Qf3 b5 24. Kh1 a5 25. g3 Nh3 26. Qxf6 h5 27.
Qh6 Ng5 28. Qxh5 b4 29. b3 Qd8 30. h4 Nxe4 31. dxe4 d5 32. Qxe5 d4 33. Qxe6+
Kb5 34. Qc4+ Kb6 35. e5 Qa8+ 36. Kh2 Qe4 37. e6 Qa8 1-0

[Event "Int. Stuttgarter Stadtmeisterschaft C"]
[Site "Ditzingen"]
[Date "2014.05.30"]
[Round "4.11"]
[White "Kobald, Jacqueline"]
[Black "Ustaosman, Hasan"]
[Result "1-0"]
[WhiteElo "1244"]
[BlackElo "1007"]
[PlyCount "115"]
[EventDate "2014.??.??"]
[WhiteTeam "SV Stuttgart-Wolfbusch 1956 e.V."]
[BlackTeam "TSG Steinheim"]

1. e4 Nf6 2. Nc3 Nc6 3. d4 e5 4. Nf3 Bb4 5. Bd2 d6 6. a3 Ba5 7. b4 Bb6 8. dxe5
Ng4 9. Bg5 f6 10. exf6 Bxf2+ 11. Ke2 gxf6 12. Bf4 Bb6 13. Bg3 Nce5 14. Nd5 c6
15. Nxb6 Qxb6 16. Qd4 Qxd4 17. Nxd4 Bd7 18. h3 Nh6 19. Kd2 O-O-O 20. Be2 f5 21.
Bf4 Nhf7 22. exf5 c5 23. bxc5 dxc5 24. Nb3 Bxf5+ 25. Kc1 Be4 26. Rg1 Rhg8 27.
g4 b6 28. Re1 Ng6 29. Ba6+ Bb7 30. Bxb7+ Kxb7 31. Bh2 Ng5 32. Rf1 Rgf8 33. Rxf8
Rxf8 34. Rb1 Kc6 35. Kb2 c4 36. Nd4+ Kb7 37. Kc3 Rc8 38. Nf5 Ka6 39. a4 Ka5 40.
Nd4 Ne4+ 41. Kb2 c3+ 42. Ka3 Rc4 43. Rb5+ Ka6 44. Ne6 Kb7 45. a5 Ka6 46. Nc7+
Kb7 47. a6+ Kc6 48. Rh5 Ne7 49. Rxh7 Ng8 50. Rg7 Nc5 51. Rg6+ Kd7 52. Ka2 Ra4+
53. Kb1 Ra3 54. Nb5 Ra5 55. Nxc3 Rxa6 56. Rxg8 Kc6 57. Rg6+ Kd7 58. Rd6+ 1-0

[Event "Int. Stuttgarter Stadtmeisterschaft C"]
[Site "Ditzingen"]
[Date "2014.05.30"]
[Round "4.12"]
[White "Reichmann, Bernd"]
[Black "Leutschaft, Jonathan"]
[Result "1-0"]
[WhiteElo "1128"]
[BlackElo "962"]
[PlyCount "95"]
[EventDate "2014.??.??"]
[WhiteTeam "SV Fellbach"]
[BlackTeam "SF 59 Kornwestheim"]

1. e4 e5 2. Nf3 Nc6 3. Bb5 Nf6 4. d3 d6 5. h3 Bd7 6. Bg5 Be7 7. Bxf6 Bxf6 8.
Bxc6 Bxc6 9. Nc3 a6 10. a3 Qd7 11. Nh2 h5 12. Nf3 Qe7 13. O-O g5 14. Nh2 O-O-O
15. f3 Qe6 16. Qe2 Be7 17. b4 Rdf8 18. a4 b5 19. axb5 axb5 20. Ra5 Qd7 21. Qe3
d5 22. exd5 Bxd5 23. Rxb5 Bc6 24. Qa7 Kd8 25. Rb8+ Qc8 26. Rxc8+ Kxc8 27. b5
Bb7 28. Rb1 f6 29. Nf1 f5 30. Ne3 f4 31. Ned5 Bd6 32. b6 Bc5+ 33. Kf1 cxb6 34.
Nxb6+ Bxb6 35. Rxb6 Rf7 36. Nb5 Rhh7 37. Nd6+ Kd8 38. Nxf7+ Rxf7 39. Qb8+ Bc8
40. Qxe5 Rc7 41. Qxg5+ Re7 42. Rd6+ Bd7 43. c4 h4 44. c5 Kc7 45. Qxe7 Kb7 46.
Qxd7+ Kb8 47. Rb6+ Ka8 48. Qb7# 1-0

[Event "Int. Stuttgarter Stadtmeisterschaft C"]
[Site "Ditzingen"]
[Date "2014.05.30"]
[Round "4.14"]
[White "Aydin, Sami"]
[Black "Stöckler, Klaus J"]
[Result "0-1"]
[WhiteElo "932"]
[BlackElo "1224"]
[PlyCount "76"]
[EventDate "2014.??.??"]
[WhiteTeam "SF Freiberg"]
[BlackTeam "SC Grunbach"]

1. d4 d5 2. c4 Nc6 3. Nf3 e6 4. Nc3 Nf6 5. Bg5 h6 6. Bh4 Be7 7. e3 Ne4 8. Bxe7
Qxe7 9. Bd3 Nxc3 10. bxc3 Qd6 11. c5 Qe7 12. O-O e5 13. Re1 e4 14. Be2 exf3 15.
Bxf3 Qg5 16. e4 dxe4 17. Rxe4+ Ne7 18. Qe2 Be6 19. Bg4 Bxg4 20. Rxg4 Qf6 21.
Re4 Kd7 22. Re1 Nd5 23. Qb5+ Qc6 24. Qd3 Rae8 25. Qh3+ Kd8 26. Qf5 Rxe4 27.
Rxe4 Qd7 28. Qxd7+ Kxd7 29. Rg4 g5 30. c4 Nf6 31. Rg3 Re8 32. Re3 Rxe3 33. fxe3
Kc6 34. Kf2 Ng4+ 35. Kf3 Nxh2+ 36. Ke4 Nf1 37. d5+ Kxc5 38. Kd3 g4 0-1

[Event "Int. Stuttgarter Stadtmeisterschaft C"]
[Site "Ditzingen"]
[Date "2014.05.30"]
[Round "4.15"]
[White "Hauger, Albrecht"]
[Black "Bouhadjer, Youcef"]
[Result "1/2-1/2"]
[WhiteElo "1060"]
[BlackElo "970"]
[PlyCount "63"]
[EventDate "2014.??.??"]
[WhiteTeam "SC Magstadt"]
[BlackTeam "SC Neckarsulm e.V."]

1. d4 Nf6 2. c4 d5 3. e3 e6 4. a3 c6 5. Nc3 Qa5 6. Bd2 Qd8 7. Nf3 g6 8. Bd3 Bg7
9. Qc2 O-O 10. O-O Nbd7 11. c5 Re8 12. Rfe1 e5 13. dxe5 Nxe5 14. Be2 Bf5 15.
Qc1 Nfd7 16. b4 Bd3 17. Qd1 a6 18. Bxd3 Nxd3 19. Rf1 Nb2 20. Qc2 Nc4 21. Ra2 a5
22. Rfa1 a4 23. Rd1 b5 24. cxb6 Ndxb6 25. Bc1 Qc7 26. Nb1 Rad8 27. Nbd2 Qa7 28.
Nxc4 Nxc4 29. Re1 Qa8 30. Nd2 Nxd2 31. Bxd2 Qa6 32. Qb1 1/2-1/2

[Event "Int. Stuttgarter Stadtmeisterschaft C"]
[Site "Ditzingen"]
[Date "2014.05.30"]
[Round "4.16"]
[White "Hdya, Mohammad"]
[Black "Meißner, Mogens"]
[Result "1-0"]
[WhiteElo "928"]
[BlackElo "1049"]
[PlyCount "145"]
[EventDate "2014.??.??"]
[WhiteTeam "SF Freiberg"]
[BlackTeam "SK Bietigheim-Bissingen"]

1. e4 e5 2. Nf3 Nc6 3. Nc3 Nf6 4. Bc4 Bc5 5. d3 O-O 6. O-O h6 7. h3 d6 8. a3
Be6 9. Be3 a6 10. b4 Bb6 11. a4 Nxb4 12. Bxb6 cxb6 13. Bxe6 fxe6 14. Rb1 Nc6
15. Nh4 d5 16. Ng6 Rf7 17. f3 Nh5 18. f4 Nxf4 19. Qg4 Qg5 20. Qxg5 hxg5 21.
Rxb6 Nxg6 22. exd5 exd5 23. Nxd5 Rd7 24. Nb4 Nxb4 25. Rxg6 Nxc2 26. Rf5 Rxd3
27. Rfxg5 Rd7 28. Rxe5 Rb8 29. h4 Rf7 30. a5 Rf6 31. Rxf6 gxf6 32. Rf5 Kg7 33.
g4 Re8 34. g5 Re5 35. gxf6+ Kf7 36. Rxe5 Kxf6 37. Re2 Nd4 38. Rh2 Nf3+ 39. Kg2
Nxh2 40. Kxh2 Kf5 41. Kh3 Kf4 42. h5 Kg5 43. Kg3 Kxh5 44. Kf4 Kg6 45. Ke5 Kf7
46. Kd6 Ke8 47. Kc7 Ke7 48. Kxb7 Kd7 49. Kxa6 Kc6 50. Ka7 Kb5 51. a6 Kc6 52.
Kb8 Kb6 53. a7 Kc6 54. a8=Q+ Kb6 55. Qb7+ Kc5 56. Kc7 Kd4 57. Qc6 Ke5 58. Kd7
Kd4 59. Qe6 Kc5 60. Qc6+ Kd4 61. Kd6 Kd3 62. Kd5 Ke3 63. Qc4 Kd2 64. Qb3 Ke2
65. Kd4 Kf2 66. Ke4 Kg2 67. Kf4 Kh2 68. Kg4 Kg1 69. Qb2 Kf1 70. Kf3 Ke1 71. Ke3
Kd1 72. Kd3 Ke1 73. Qe2# 1-0

[Event "Int. Stuttgarter Stadtmeisterschaft C"]
[Site "Ditzingen"]
[Date "2014.05.30"]
[Round "4.18"]
[White "Reichardt, Felix  Alexander"]
[Black "Kobald, Pierre"]
[Result "1/2-1/2"]
[WhiteElo "768"]
[BlackElo "999"]
[PlyCount "37"]
[EventDate "2014.??.??"]
[WhiteTeam "Schachfreunde Markgräflerland e."]
[BlackTeam "SV Stuttgart-Wolfbusch 1956 e.V."]

1. Nf3 c5 2. c4 Nc6 3. e3 d6 4. d4 cxd4 5. Nxd4 e5 6. Nxc6 bxc6 7. g3 Nf6 8.
Bg2 Be7 9. Bxc6+ Bd7 10. Bxa8 Qxa8 11. f3 O-O 12. Nc3 e4 13. O-O Bh3 14. Rf2
Rc8 15. Nd5 Qb7 16. Qb3 Qd7 17. Nxf6+ Bxf6 18. Qb5 Qe6 19. Qd5 1/2-1/2

[Event "Int. Stuttgarter Stadtmeisterschaft C"]
[Site "Ditzingen"]
[Date "2014.05.30"]
[Round "4.20"]
[White "Milarch, Harald"]
[Black "Perez Berroth, Pablo"]
[Result "1-0"]
[WhiteElo "1341"]
[BlackElo "867"]
[PlyCount "123"]
[EventDate "2014.??.??"]
[WhiteTeam "SC Schachmatt Botnang"]
[BlackTeam "SSV Zuffenhausen"]

1. e4 d5 2. exd5 Qxd5 3. Nc3 Qa5 4. d3 c6 5. Bd2 Nf6 6. Ne4 Qe5 7. Bc3 Qc7 8.
Nxf6+ gxf6 9. Qe2 Be6 10. Nf3 Bg7 11. Ng5 Qd6 12. Nxe6 fxe6 13. O-O-O Nd7 14.
Qh5+ Kd8 15. d4 Qf4+ 16. Rd2 Bh6 17. Kd1 Rg8 18. Qf7 Rg7 19. Qxe6 Qd6 20. Qxd6
exd6 21. Rd3 Kc7 22. Rh3 Bg5 23. Bd3 h6 24. Re1 Rf8 25. g3 f5 26. f4 Bd8 27.
Rxh6 Rgg8 28. Rh5 Rh8 29. Rxh8 Rxh8 30. h4 Rf8 31. h5 Nf6 32. Bxf5 Nxh5 33. Bg6
Nxg3 34. f5 Nxf5 35. Re8 Rf6 36. Bh5 Rh6 37. Bg4 Kd7 38. Rxd8+ Kxd8 39. Bxf5
Rh1+ 40. Kd2 c5 41. Be4 Rh2+ 42. Kd3 Rh3+ 43. Kc4 b6 44. Kd5 Kc7 45. Bd2 Rh5+
46. Kc4 cxd4 47. Kxd4 Kd7 48. a3 Ke6 49. c4 Rh2 50. Bd5+ Kd7 51. Kc3 Rh3+ 52.
Kb4 a5+ 53. Ka4 Rh2 54. Bc3 Rc2 55. Kb5 Kc7 56. Bd4 Kd7 57. Kxb6 Rd2 58. Bc3
Rh2 59. Kxa5 Rh7 60. Kb6 Re7 61. a4 Re8 62. Bc6+ 1-0

[Event "Int. Stuttgarter Stadtmeisterschaft C"]
[Site "Ditzingen"]
[Date "2014.05.30"]
[Round "4.21"]
[White "Eid, Sami"]
[Black "Kappler, Roswitha"]
[Result "1-0"]
[WhiteElo "800"]
[BlackElo "764"]
[PlyCount "25"]
[EventDate "2014.??.??"]
[WhiteTeam "SF Freiberg"]
[BlackTeam "SG Fasanenhof"]

1. e4 e5 2. Nf3 Nc6 3. Bb5 Nf6 4. Nc3 Bc5 5. d3 Nd4 6. Nxe5 O-O 7. Be3 c6 8.
Bxd4 Bxd4 9. Nf3 Ng4 10. Nxd4 cxb5 11. Qxg4 Re8 12. Nf5 d6 13. Qxg7# 1-0

[Event "Int. Stuttgarter Stadtmeisterschaft C"]
[Site "Ditzingen"]
[Date "2014.05.30"]
[Round "4.22"]
[White "Hoffmann, Simon"]
[Black "Pillin, Josef"]
[Result "0-1"]
[WhiteElo "785"]
[BlackElo "786"]
[PlyCount "116"]
[EventDate "2014.??.??"]
[WhiteTeam "Schach-Kids Bernhausen e.V."]
[BlackTeam "SSV Zuffenhausen"]

1. e4 e5 2. Nf3 Nc6 3. Bc4 Nf6 4. Ng5 d5 5. exd5 Nxd5 6. Qh5 g6 7. Qf3 Qxg5 8.
Bxd5 Be6 9. Bxc6+ bxc6 10. Qxc6+ Ke7 11. Qxa8 Bc4 12. Nc3 Bg7 13. d3 Qf5 14.
dxc4 Rxa8 15. Nd5+ Kd6 16. Ne3 Qe4 17. O-O Rd8 18. Rd1+ Ke7 19. Rxd8 Kxd8 20.
c3 Bh6 21. b3 Bxe3 22. Bxe3 Qc2 23. Bxa7 Qxc3 24. Rd1+ Kc8 25. Be3 Qc2 26. Ra1
Qb2 27. Rc1 Qxa2 28. Rc3 Qa1+ 29. Rc1 Qb2 30. Bg5 Qxb3 31. h3 Kb7 32. Bf6 e4
33. Re1 Qxc4 34. Rb1+ Kc8 35. Rd1 Qe2 36. Rd8+ Kb7 37. Be5 Qe1+ 38. Kh2 Qxf2
39. Rd7 e3 40. Bg3 Qf1 41. Rxc7+ Kb6 42. Re7 Qd3 43. Bf4 e2 44. Be3+ Kc6 45.
Bf2 Qd6+ 46. Bg3 Qxe7 47. Kg1 Qe3+ 48. Bf2 Qc1+ 49. Kh2 f5 50. Kg3 g5 51. h4
f4+ 52. Kg4 h5+ 53. Kxh5 Qf1 54. hxg5 Qxf2 55. g6 e1=Q 56. Kh6 Qh1+ 57. Kg7
Qb2+ 58. Kf8 Qhh8+ 0-1

[Event "Int. Stuttgarter Stadtmeisterschaft C"]
[Site "Ditzingen"]
[Date "2014.05.30"]
[Round "5.1"]
[White "Mijic, Marcel"]
[Black "Bender, Jonas"]
[Result "0-1"]
[WhiteElo "1198"]
[BlackElo "1448"]
[PlyCount "42"]
[EventDate "2014.??.??"]
[WhiteTeam "SF Birkenfeld"]
[BlackTeam "SV Calw"]

1. e4 c5 2. d4 cxd4 3. c3 d3 4. Nf3 Nc6 5. Bf4 g6 6. Bxd3 Bg7 7. e5 Nh6 8. Bc4
Ng4 9. Qd5 O-O 10. h3 Qb6 11. O-O Qxb2 12. Nbd2 Nh6 13. Rab1 Qxc3 14. Ne4 Qa5
15. Nc5 e6 16. Qd6 Nf5 17. Nb3 Nxd6 18. Nxa5 Nxa5 19. exd6 Nxc4 20. Rfc1 Na5
21. Be5 Nc6 0-1

[Event "Int. Stuttgarter Stadtmeisterschaft C"]
[Site "Ditzingen"]
[Date "2014.05.30"]
[Round "5.3"]
[White "Paulsen, Jonathan"]
[Black "Malheur, Lothar"]
[Result "1-0"]
[WhiteElo "1250"]
[BlackElo "1341"]
[PlyCount "41"]
[EventDate "2014.??.??"]
[WhiteTeam "SC Stetten a.d.F."]
[BlackTeam "SF Birkenfeld"]

1. e4 c6 2. d4 d5 3. exd5 cxd5 4. c4 Nf6 5. Nc3 h6 6. cxd5 Nxd5 7. Bc4 Nf6 8.
Qb3 e6 9. Nf3 a6 10. O-O Nc6 11. Bd3 b5 12. Rd1 Qc7 13. Be3 Bd6 14. Rac1 Na5
15. Nxb5 Qe7 16. Nxd6+ Qxd6 17. Qa4+ Bd7 18. Qxa5 O-O 19. d5 Qb8 20. d6 Qxb2
21. Rb1 1-0

[Event "Int. Stuttgarter Stadtmeisterschaft C"]
[Site "Ditzingen"]
[Date "2014.05.30"]
[Round "5.4"]
[White "Dendic, Amar"]
[Black "Hilger, Herbert"]
[Result "0-1"]
[WhiteElo "1281"]
[BlackElo "1080"]
[PlyCount "86"]
[EventDate "2014.??.??"]
[WhiteTeam "Stuttgarter SF 1879"]
[BlackTeam "SV Stuttgart-Wolfbusch 1956 e.V."]

1. e4 e5 2. Nf3 Nc6 3. Bc4 h6 4. c3 Nf6 5. d3 Be7 6. Nbd2 O-O 7. O-O d6 8. Re1
Bg4 9. h3 Bh5 10. Nf1 Nd7 11. Ng3 Bg6 12. Be3 Nb6 13. Bb3 Na5 14. Bc2 Nc6 15.
d4 Nc4 16. d5 Nxe3 17. Rxe3 Nb8 18. c4 Nd7 19. b4 a6 20. a4 a5 21. b5 b6 22.
Ne1 Nc5 23. Nd3 Nxd3 24. Bxd3 Bg5 25. Re1 Bf4 26. Ne2 Bg5 27. Rf1 f5 28. exf5
Bxf5 29. Ng3 Bd7 30. Ne4 Bf5 31. Qe2 Bxe4 32. Qxe4 Bf6 33. Qf5 Qc8 34. Qh7+ Kf7
35. Bf5 Qd8 36. Qg6+ Ke7 37. f4 Qe8 38. fxe5 Qxg6 39. Bxg6 Bxe5 40. Rxf8 Rxf8
41. Re1 Rf4 42. Bd3 Kf6 43. Rf1 Bd4+ 0-1

[Event "Int. Stuttgarter Stadtmeisterschaft C"]
[Site "Ditzingen"]
[Date "2014.05.30"]
[Round "5.5"]
[White "Sandmeyer, Alexander"]
[Black "J�ttner, Dennis"]
[Result "1/2-1/2"]
[WhiteElo "1257"]
[BlackElo "1098"]
[PlyCount "23"]
[EventDate "2014.??.??"]
[WhiteTeam "Stuttgarter SF 1879"]
[BlackTeam "SpVgg Rommelshausen"]

1. e4 e6 2. d4 d5 3. exd5 exd5 4. Nf3 Nc6 5. Nc3 Nf6 6. Bf4 Bd6 7. Bxd6 Qxd6 8.
Bd3 Bd7 9. Qe2+ Be6 10. Bf5 O-O-O 11. Bxe6+ fxe6 12. O-O-O 1/2-1/2

[Event "Int. Stuttgarter Stadtmeisterschaft C"]
[Site "Ditzingen"]
[Date "2014.05.30"]
[Round "5.7"]
[White "Winterkorn, Nikolaus"]
[Black "Reichmann, Bernd"]
[Result "1-0"]
[WhiteElo "1438"]
[BlackElo "1128"]
[PlyCount "149"]
[EventDate "2014.??.??"]
[WhiteTeam "DJK Sportbund Stuttgart e.V."]
[BlackTeam "SV Fellbach"]

1. Nf3 Nf6 2. d4 d5 3. e3 Bg4 4. Be2 Bxf3 5. Bxf3 e6 6. Nd2 g6 7. c4 c6 8. cxd5
Nxd5 9. O-O Nd7 10. Ne4 Be7 11. a3 N7f6 12. Bd2 Nxe4 13. Bxe4 Bd6 14. b4 Nf6
15. Bf3 a6 16. Bc3 h5 17. e4 Be7 18. Qb3 Qb8 19. g3 Ng4 20. Bxg4 hxg4 21. e5
Kd7 22. Qd1 Rh5 23. Kg2 Qh8 24. Rh1 Qg7 25. Qxg4 Rah8 26. h4 Bd8 27. Rae1 Be7
28. Bd2 Rf8 29. Bf4 Qg8 30. Re4 Rc8 31. Qf3 Rh7 32. Bd2 Rf8 33. Qg4 Rh5 34. Qe2
Qh8 35. Qf3 Rh7 36. Bf4 Rc8 37. Qe3 Re8 38. Bg5 Bxg5 39. Qxg5 Rh5 40. Qc1 Rc8
41. Rf4 Rh7 42. Rf6 Qf8 43. Qd1 Qe7 44. Qg4 Rh5 45. Qf4 Rf5 46. Rxf5 exf5 47.
Rd1 Qe6 48. Qf3 Qd5 49. Rd3 Ke6 50. Kf1 Qxf3 51. Rxf3 Kd5 52. Rf4 Rc7 53. Ke2
Kc4 54. Kd2 Rd7 55. Ke3 Kb3 56. Kd3 Kxa3 57. Kc4 b6 58. f3 Kb2 59. g4 fxg4 60.
fxg4 Rd5 61. Rxf7 b5+ 62. Kd3 Kb3 63. Rc7 Kxb4 64. Rxc6 a5 65. Rxg6 a4 66. h5
a3 67. h6 Rd8 68. Kc2 Kc4 69. h7 Rh8 70. Rc6+ Kxd4 71. Rc7 Kxe5 72. g5 Kf5 73.
Rg7 b4 74. g6 Kf6 75. Rg8 1-0

[Event "Int. Stuttgarter Stadtmeisterschaft C"]
[Site "Ditzingen"]
[Date "2014.05.30"]
[Round "5.8"]
[White "Kobald, Jacqueline"]
[Black "Yi, Danny"]
[Result "0-1"]
[WhiteElo "1244"]
[BlackElo "1405"]
[PlyCount "98"]
[EventDate "2014.??.??"]
[WhiteTeam "SV Stuttgart-Wolfbusch 1956 e.V."]
[BlackTeam "SF 59 Kornwestheim"]

1. e4 e5 2. Nf3 Nc6 3. Bc4 Bc5 4. Nc3 Nf6 5. d3 d6 6. O-O O-O 7. Be3 Bb6 8. Nd2
Ng4 9. Bxb6 axb6 10. h3 Nf6 11. Nf3 Be6 12. Bb3 h6 13. Nh4 Nd4 14. Ne2 Nxb3 15.
axb3 Rxa1 16. Qxa1 Nxe4 17. dxe4 Qxh4 18. Ng3 Qd8 19. Rd1 Qa8 20. Qc1 Rd8 21.
c4 Qa5 22. Qe3 Qb4 23. Nf5 Bxf5 24. exf5 f6 25. Qc3 Qxc3 26. bxc3 c6 27. g4 d5
28. cxd5 cxd5 29. f3 Kf7 30. Kf2 g5 31. Ke3 Ke7 32. Rd2 Kd6 33. Ke2 Kc5 34. Ke3
b5 35. Ke2 d4 36. cxd4+ exd4 37. Kd3 Kd5 38. Rd1 Rc8 39. b4 Rc3+ 40. Ke2 Rb3
41. Rc1 Rc3 42. Rb1 Kc4 43. Rd1 d3+ 44. Ke3 d2+ 45. Kxd2 Rd3+ 46. Ke2 Rxd1 47.
Kxd1 Kxb4 48. Kd2 Ka3 49. Kc1 Ka2 0-1

[Event "Int. Stuttgarter Stadtmeisterschaft C"]
[Site "Ditzingen"]
[Date "2014.05.30"]
[Round "5.9"]
[White "Thomas, Leonhard"]
[Black "Froehlich, Franziska"]
[Result "1-0"]
[WhiteElo "1340"]
[BlackElo "1237"]
[PlyCount "55"]
[EventDate "2014.??.??"]
[WhiteTeam "SV Fellbach"]
[BlackTeam "SK e4 Gerlingen"]

1. e4 e6 2. Nc3 d5 3. d4 Nf6 4. Bg5 Be7 5. e5 Nfd7 6. Bxe7 Qxe7 7. Nf3 c5 8.
Nb5 Na6 9. Nd6+ Kf8 10. Bxa6 bxa6 11. dxc5 Nxc5 12. Nxc8 Rxc8 13. O-O Na4 14.
Rb1 Qc5 15. Qd4 Qxc2 16. Qxa7 Nxb2 17. Qxa6 Qc3 18. h3 g6 19. Rxb2 Kg7 20. Rbb1
d4 21. Rfd1 Rhd8 22. Qd3 Rd5 23. Rb3 Qxd3 24. Rbxd3 Rc2 25. Rxd4 Rxd4 26. Rxd4
Rxa2 27. Rd7 Ra8 28. Ng5 1-0

[Event "Int. Stuttgarter Stadtmeisterschaft C"]
[Site "Ditzingen"]
[Date "2014.05.30"]
[Round "5.11"]
[White "Barna, Janos"]
[Black "Ungerer, Tobias"]
[Result "1-0"]
[WhiteElo "1252"]
[BlackElo "1045"]
[PlyCount "101"]
[EventDate "2014.??.??"]
[WhiteTeam "SC Leinfelden"]
[BlackTeam "Schach-Kids Bernhausen e.V."]

1. e4 e5 2. Nf3 Nc6 3. d4 exd4 4. Nxd4 d6 5. c3 Nf6 6. Nxc6 bxc6 7. Qa4 Bd7 8.
Bd3 c5 9. Bb5 a6 10. Bxd7+ Nxd7 11. Qc6 Be7 12. O-O O-O 13. f4 Nf6 14. Nd2 Ng4
15. Nf3 Ne3 16. Bxe3 Rb8 17. b3 a5 18. Rab1 Rb6 19. Qd5 Qb8 20. Qh5 Rb7 21. Nd2
Rd8 22. Rf3 a4 23. Qd5 Bf6 24. c4 Rb6 25. Qd3 Rb7 26. bxa4 Qa7 27. Rxb7 Qxb7
28. e5 dxe5 29. Qb3 Qc6 30. Nf1 exf4 31. Bf2 Qd6 32. h3 h6 33. a5 Qc6 34. Qb5
Qd6 35. Qxc5 Qa6 36. Qd5 Qd6 37. a6 Qf8 38. Qc6 Rc8 39. a7 Be7 40. Rxf4 Bd6 41.
Rf3 Be7 42. Bg3 Bc5+ 43. Kh1 Bxa7 44. Bf2 Bb8 45. a4 Qb4 46. Qb5 Qd6 47. Qd5
Qb4 48. Rxf7 Kh8 49. Qe5 Rg8 50. Bd4 c6 51. Qe7 1-0

[Event "Int. Stuttgarter Stadtmeisterschaft C"]
[Site "Ditzingen"]
[Date "2014.05.30"]
[Round "5.13"]
[White "Ustaosman, Hasan"]
[Black "Zacke, Tamara"]
[Result "1-0"]
[WhiteElo "1007"]
[BlackElo "1143"]
[PlyCount "57"]
[EventDate "2014.??.??"]
[WhiteTeam "TSG Steinheim"]
[BlackTeam "SV Stuttgart-Wolfbusch 1956 e.V."]

1. e4 e5 2. Nc3 Bc5 3. f4 d6 4. Nf3 Nc6 5. Bc4 Bg4 6. Bxf7+ Kf8 7. Bd5 Bxf3 8.
Qxf3 Nd4 9. fxe5+ Nf6 10. Qd1 Nxd5 11. exd5 dxe5 12. O-O+ Nf5+ 13. Kh1 g6 14.
Qg4 Kg7 15. Rxf5 Rf8 16. Rxf8 Qxf8 17. Qe2 Qf5 18. d3 Rf8 19. Bd2 Qf2 20. Qxf2
Rxf2 21. Rd1 Bd4 22. Nb5 Bb6 23. c4 a6 24. Nc3 h6 25. Ne4 Rf7 26. Bc3 Bd4 27.
Bxd4 exd4 28. g3 b5 29. Nc5 1-0

[Event "Int. Stuttgarter Stadtmeisterschaft C"]
[Site "Ditzingen"]
[Date "2014.05.30"]
[Round "5.15"]
[White "Bouhadjer, Youcef"]
[Black "Milarch, Harald"]
[Result "1/2-1/2"]
[WhiteElo "970"]
[BlackElo "1341"]
[PlyCount "57"]
[EventDate "2014.??.??"]
[WhiteTeam "SC Neckarsulm e.V."]
[BlackTeam "SC Schachmatt Botnang"]

1. e4 e6 2. d4 Nf6 3. e5 Nd5 4. Nc3 Bb4 5. Bd2 Nxc3 6. bxc3 Be7 7. Nf3 b6 8. g3
Bb7 9. Bg2 O-O 10. O-O f5 11. Bf4 d6 12. h3 Nd7 13. Qe2 Rb8 14. exd6 Bxf3 15.
Bxf3 Bxd6 16. Bxd6 cxd6 17. Qxe6+ Kh8 18. Qxd6 Rf6 19. Qf4 Rc8 20. Qd2 Qc7 21.
Rac1 Qxc3 22. Qxc3 Rxc3 23. Kg2 Rd6 24. d5 Nf6 25. Rfd1 g6 26. Rd4 b5 27. Rb1
a6 28. Rb2 Rc5 29. h4 1/2-1/2